Word Ladder: Breaking Bad Quiz Stats

 Plays Quiz Updated Apr 16, 2015

Challenge
Share
Tweet
Embed
Score 0/45 Timer 05:00
0 Plays Today
Hint 4-Letter Word % Correct
Summer monthJUNE
90.6%
Abruptly stopHALT
89.8%
____! The Herald Angels SingHARK
87.2%
☣ Tattoo-artist girlfriend ☣JANE
82.8%
Daffy or Donald DUCK
82.3%
5280 feetMILE
81.4%
☣ DEA agent ☣HANK
80.8%
☣ [First rung]'s cancer ☣LUNG
79.8%
What a vacuum cleaner doesSUCK
79.8%
☣ Series' drug of choice ☣METH
79.7%
Put a shirt-bottom in pantsTUCK
79%
'Clarissa Explains it All' actressHART
78.4%
Fallen to the ocean floor SUNK
78.1%
Performed a tune SUNG
77.3%
Animal waste DUNG
77.1%
Ding's counterpart DONG
75.7%
Force under water DUNK
75.3%
Lasting a while LONG
75%
☣ Chemist drug manufacturer ☣WALT
75%
Mexican meal TACO
74.8%
Behind the frontBACK
74%
☣ Drug kingpin ☣ TUCO
72.9%
☣ Private investigator hitman ☣MIKE
71.9%
Hint 4-Letter Word % Correct
Small, broad-headed nail TACK
71.5%
Like Yao Ming TALL
70.8%
Express ideas with words TALK
70%
Collection of storesMALL
69.3%
Denmark denizenDANE
68.5%
Rummage sale regularJUNK
68.4%
Hasselhoff, in the 80sHUNK
67.7%
Misstep by the pitcherBALK
67.6%
Significant otherMATE
66.5%
Bring into existenceMAKE
65.8%
Flour container SACK
65.8%
Grain grinderMILL
64.7%
☣ Sleazy 'criminal' lawyer ☣SAUL
61.8%
Dole outMETE
60.9%
Fermat's fieldMATH
60.2%
To bruise or handle roughlyMAUL
59.4%
Truck manufacturerMACK
59.2%
Sound speed indicatorMACH
54.3%
Broad valleyDALE
52.1%
☣ Chemist drug manufacturer ☣GALE
44.6%
Underwater oxygenatorGILL
43.2%
Impudent behaviorGALL
37.8%

Today's Daily Dose

You're not logged in!

Compare scores with friends on all Sporcle quizzes.
Join for Free
OR
Log In

You Might Also Like...

Show Comments

Extras

Top Quizzes Today


Score Distribution

Your Account Isn't Verified!

In order to create a playlist on Sporcle, you need to verify the email address you used during registration. Go to your Sporcle Settings to finish the process.

Report this User

Report this user for behavior that violates our Community Guidelines.

Details: